| 000 | 00382nam a22001457a 4500 | ||
|---|---|---|---|
| 008 | 180720b xxu||||| |||| 00| 0 eng d | ||
| 020 | _a1285856919 | ||
| 050 |
_aQA76.73 _b.F37 2016 c.1 |
||
| 100 | _aFarrell, Joyce | ||
| 245 |
_aJava Programming _cJoyce Farrell |
||
| 250 | _a8th ed. | ||
| 260 |
_aAustralia _bCengage Learning _c2016 |
||
| 300 | _axxx, 994p. | ||
| 942 |
_2lcc _cBK |
||
| 999 |
_c19234 _d19233 |
||